Billboard Year-End Top 100 - 2001 - Statistics

General Stats
  • This quiz has been taken 5 times
  • The average score is 23 of 100
Answer Stats
Number Song Title Artist % Correct
4 Drops of Jupiter (Tell Me) Train
75%
2 Fallin Alicia Keys
75%
9 Again Lenny Kravitz
50%
3 All for You Janet (Jackson)
50%
17 Angel Shaggy feat. Rayvon
50%
42 Bootylicious Destiny's Child
50%
29 Butterfly Crazy Town
50%
31 Family Affair Mary J. Blige
50%
19 Follow Me Uncle Cracker
50%
35 Get Ur Freak On Missy Elliott
50%
1 Hanging by a Moment Lifehouse
50%
11 Hit Em Up Style (Oops!) Blue Cantrell
50%
32 I Hope You Dance Lee Ann Womack
50%
5 I'm Real Jennifer Lopez feat. Ja Rule
50%
10 Independent Women Part 1 Destiny's Child
50%
12 It Wasn't Me Shaggy feat. Rikrok
50%
24 Lady Marmalade Christina Aguilera, Lil Kim, Mya, & Pink
50%
7 Let Me Blow Ya Mind Eve feat. Gwen Stefani
50%
25 Ms. Jackson Outkast
50%
59 Only Time Enya
50%
72 Play Jennifer Lopez
50%
23 Survivor Destiny's Child
50%
8 Thank You Dido
50%
70 Turn Off the Light Nelly Furtado
50%
75 Beautiful Day U2
25%
96 Be Like That 3 Doors Down
25%
81 Contagious The Isley Brothers feat. R. Kelly & Chante Moore
25%
50 Differences Ginuwine
25%
34 Don't Tell Me Madonna
25%
21 Drive Incubus
25%
45 Fiesta R. Kelly feat. Jay-Z
25%
37 Fill Me In Craig David
25%
92 Get Over Yourself Eden's Crush
25%
28 He Loves U Not Dream
25%
100 Hemorrhage (In My Hands) Fuel
25%
99 Hero Enrique Iglesias
25%
60 I Do Toya
25%
6 If You're Gone Matchbox Twenty
25%
73 I'm Already There Lonestar
25%
43 I'm Like a Bird Nelly Furtado
25%
63 Irresistable Jessica Simpson
25%
14 It's Been Awhile Staind
25%
84 I Wanna Be Bad Willa Ford
25%
52 Izzo (HOVA) Jay-Z
25%
47 Jaded Aerosmith
25%
44 Kryptonite 3 Doors Down
25%
67 Love Musiq Soulchild
25%
26 Love Don't Cost a Thing Jennifer Lopez
25%
80 Loverboy Mariah Carey feat. Cameo
25%
97 Most Girls P!nk
25%
83 Music Erick Sermon feat. Marvin Gaye
25%
74 My Baby Lil Romeo
25%
61 Never Had a Dream Come True S Club 7
25%
55 Nobody Wants to Be Lonely Ricky Martin and Christina Aguilera
25%
69 No More (Baby Ima Do Right) 3LW
25%
57 One Minute Man Missy Elliott feat. Ludacris
25%
18 Ride wit Me Nelly feat. City Spud
25%
38 Someone to Call My Lover Janet Jackson
25%
77 Southern Hospitality Ludacris
25%
33 South Side Moby feat. Gwen Stefani
25%
13 Stutter Joe feat. Mystikal
25%
27 The Way You Love Me Faith Hill
25%
51 This I Promise You NSYNC
25%
15 U Remind Me Usher
25%
46 When It's Over Sugar Ray
25%
39 With Arms Wide Open Creed
25%
91 You Shouldn't Kiss Me Like This Toby Keith
25%
71 Ain't Nothing bout You Brooks & Dunn
0%
41 All or Nothing O-Town
0%
76 Austin Blake Shelton
0%
40 Case of the Ex (Whatcha Gonna Do) Mya
0%
36 Crazy K-Ci & JoJo
0%
54 Crazy for this Girl Evan and Jaron
0%
93 Dance with Me Debelah Morgan
0%
58 Danger (Been So Long) Mystikal feat Nivea
0%
85 Don't Happen Twice Kenny Chesney
0%
95 E.I. Nelly
0%
78 Grown Men Don't Cry Tim McGraw
0%
64 Heard It All Before Sunshine Anderson
0%
90 Here's to the Night Eve 6
0%
56 I Just Wanna Love U (Give It 2 Me) Jay-Z
0%
89 I'm a Thug Truck Daddy
0%
88 It's a Great Day to Be Alive Travis Tritt
0%
68 It's Over Now 112
0%
87 I Wish R. Kelly
0%
79 Livin It Up Ja Rule feat. Case
0%
49 Missing You Case
0%
86 One More Day Diamond Rio
0%
98 Oochie Wally QB Finest feat. Nas & Bravehearts
0%
20 Peaches & Cream 112
0%
48 Promise Jagged Edge
0%
30 Put It On Me Ja Rule feat. Lil Mo and Vita
0%
94 So Fresh, So Clean Outkast
0%
62 Stranger in my House Tamia
0%
53 Superwoman Pt II Lil Mo feat. Fabolous
0%
66 There You'll Be Faith Hill
0%
65 The Space Between Dave Matthews Band
0%
22 What Would You Do? City High
0%
16 Where the Party At Jagged Edge with Nelly
0%
82 Who Am I Jessica Andrews
0%
No matching quizzes found
Score Distribution
Percent of People with Each Score
Percentile by Number Answered
Your Score History
You have not taken this quiz